000 00498cam a2200193 4500
008 090401t1973 xxu||||| |||| 00| 0 eng d
020 _a0419108106
035 _a(Sirsi) u63806
041 _aeng
050 _a338.436910942
110 _aDavisBelfield & Everest
_93172
245 _aSpon`s architects` and builders` price book 1974
250 _a99th
260 _aLondon
_bSpon
_c1973
300 _axviii. 524. 18p. ill. 22cm. index
350 _a3.5
942 _n0
948 _c04/03/1997
999 _c94608
_d94608